| 000 | 00663nam a2200253 a 4500 | ||
|---|---|---|---|
| 003 | AR-BaBNM | ||
| 005 | 20251128205042.0 | ||
| 008 | 082120s2002 ||||||||||||||000 | spa|| | ||
| 040 | _cAR-BaBNM | ||
| 100 | 1 | _aMayochi, Enrique Mario | |
| 245 | 0 | 0 | _aEl Libertador José de San Martín |
| 260 |
_aBuenos Aires _bInstituto Nacional Sanmartiniano _c1995 |
||
| 300 | _a126 p. | ||
| 504 | _aBibliografía: p. 121-126 | ||
| 600 | 1 | 4 | _aSan Martín, José de |
| 650 | 4 | _aHISTORIA | |
| 650 | 4 | _aGUERRAS DE LA INDEPENDENCIA | |
| 650 | 4 | _aEJERCITO DE LOS ANDES | |
| 651 | 4 | _aPerú | |
| 651 | 4 | _aChile | |
| 651 | 4 | _aArgentina | |
| 942 | _cBK | ||
| 998 | _cMariana | ||
| 999 |
_c9794 _d9794 |
||